Derecho penal y sociedad moderna / (Registro nro. 4649)

Detalles MARC
000 -LEADER
fixed length control field 01116nam a2200277Ia 4500
003 - CONTROL NUMBER IDENTIFIER
control field OSt
005 - DATE AND TIME OF LATEST TRANSACTION
control field 20200814180326.0
008 - FIXED-LENGTH DATA ELEMENTS--GENERAL INFORMATION
fixed length control field 191128s2006 ck gr 000 0 spa d
020 ## - INTERNATIONAL STANDARD BOOK NUMBER
International Standard Book Number 95882970502
040 ## - CATALOGING SOURCE
Original cataloging agency CO-JMCR
Transcribing agency CO-JMCR
041 0# - LANGUAGE CODE
Language code of text/sound track or separate title spa
082 04 - DEWEY DECIMAL CLASSIFICATION NUMBER
Classification number 345.001 /
Item number J331d
Edition number 23
100 1# - MAIN ENTRY--PERSONAL NAME
Personal name Jaén Vallejo, Manuel,
Relator term autor
9 (RLIN) 8815
245 10 - TITLE STATEMENT
Title Derecho penal y sociedad moderna /
Statement of responsibility, etc. Manuel Jaén Vallejo
260 ## - PUBLICATION, DISTRIBUTION, ETC.
Place of publication, distribution, etc. Bogotá :
Name of publisher, distributor, etc. Universidad Santo Tomas : Grupo Editorial Ibañez,
Date of publication, distribution, etc. 2006
300 ## - PHYSICAL DESCRIPTION
Extent 304 páginas ;
Dimensions 22 cm.
490 0# - SERIES STATEMENT
Series statement Monografías módulo penal ;
Volume/sequential designation 7
500 ## - GENERAL NOTE
General note Incluye notas a pie de página.
504 ## - BIBLIOGRAPHY, ETC. NOTE
Bibliography, etc. note Bibliografía : páginas 295-304
505 0# - FORMATTED CONTENTS NOTE
Formatted contents note Violencia en el ámbito familiar -- Derecho y genética -- Delitos contra el honor -- Falsedades documentales -- Introducción al derecho penal económico -- Propiedad intelectual e industrial -- Administración desleal y delitos societarios
650 14 - SUBJECT ADDED ENTRY--TOPICAL TERM
Topical term or geographic name entry element Derecho penal
9 (RLIN) 3455
650 24 - SUBJECT ADDED ENTRY--TOPICAL TERM
Topical term or geographic name entry element Violencia familiar
9 (RLIN) 8816
650 24 - SUBJECT ADDED ENTRY--TOPICAL TERM
Topical term or geographic name entry element Delitos contra la persona
9 (RLIN) 8297
650 24 - SUBJECT ADDED ENTRY--TOPICAL TERM
Topical term or geographic name entry element Derechos de autor
9 (RLIN) 8817
942 ## - ADDED ENTRY ELEMENTS (KOHA)
Source of classification or shelving scheme Dewey Decimal Classification
Koha item type Books
Existencias
Withdrawn status Lost status Source of classification or shelving scheme Damaged status Not for loan Collection code Home library Current library Date acquired Source of acquisition Full call number Barcode Date last seen Copy number Koha item type
    Dewey Decimal Classification     Non-fiction Biblioteca Pública José María del Castillo y Rada Biblioteca Pública José María del Castillo y Rada 04/15/2018 Donación 345.001 / J331d 201809631 05/16/2024 Ej.1 Books